00818 a2200193 4500003000500000005001700005010001600022020002400038040000900062082001000071100001800081245006600099260004700165300006000212505025600272538002800528650004700556700002100603Nust20170207152529.0 a 86029862 a0673185680 (pbk.) : cNust00a005.11 aSmith, Bud E.10aProgramming the Intel 80386 /cBud E. Smith, Mark T. Johnson. aGlenview, Ill. :bScott, Foresman,cc1987. axv, 346 p., [1] folded leaf of plates :bill. ;c23 cm. aAssembly Language Basics (Page-1), 80386 Applications Architecture (Page-23), Guide to the Instructions (Page-51), The 80386 Instruction Set (Page-75), Protected Mode (Page-277), V8086 Mode and More (Page-291), The 80386 Processor In Depth (Page-307). aAlmirah No.4 Shelf No.6 0aIntel 80386 (Microprocessor)xProgramming.1 aJohnson, Mark T.